| 000 | 00363nam a2200145Ia 4500 | ||
|---|---|---|---|
| 008 | 230917s9999||||xx |||||||||||||| ||und|| | ||
| 040 |
_e70487 _aMAIN |
||
| 041 | _aEnglish | ||
| 082 | _a338.15 P249C | ||
| 100 | _aParry, M L | ||
| 245 | 0 | _aClimate change agriculture and settlement | |
| 260 |
_aKent (England) _bDowson _c1978 |
||
| 300 | _a214 p. | ||
| 942 | _cBK | ||
| 999 |
_c202467 _d202467 |
||